Mard E Abresham / (Record no. 33100)

000 -LEADER
fixed length control field 00489nam a22001937a 4500
003 - CONTROL NUMBER IDENTIFIER
control field NUST
020 ## - INTERNATIONAL STANDARD BOOK NUMBER
International Standard Book Number 9693505115
038 ## - RECORD CONTENT LICENSOR
Staff Name khadija
082 ## - DEWEY DECIMAL CLASSIFICATION NUMBER
Classification number 928.9549
Author Mark BAN
100 ## - MAIN ENTRY--PERSONAL NAME
Personal name Bano Qudsia
9 (RLIN) 88968
245 ## - TITLE STATEMENT
Title Mard E Abresham /
Statement of responsibility, etc. Bano Qudsia
260 ## - PUBLICATION, DISTRIBUTION, ETC.
Place of publication, distribution, etc. Lahore
Name of publisher, distributor, etc. Sang e meel
Date of publication, distribution, etc. 2011.
300 ## - PHYSICAL DESCRIPTION
Extent 157p. ;
500 ## - GENERAL NOTE
General note Hardcover.
563 ## - BINDING INFORMATION
Binding note HB
880 ## - ALTERNATE GRAPHIC REPRESENTATION
Linkage 100-01
Title بانو قدسیہ
880 ## - ALTERNATE GRAPHIC REPRESENTATION
Linkage 245-02
Title مرد اَبْریشَم
c بانو قدسیہ
942 ## - ADDED ENTRY ELEMENTS (KOHA)
Koha item type Book
Source of classification or shelving scheme
Holdings
Withdrawn status Lost status Source of classification or shelving scheme Damaged status Not for loan Permanent Location Current Location Shelving location Date acquired Full call number Barcode Date last seen Price effective from Koha item type
          School of Mechanical & Manufacturing Engineering (SMME) School of Mechanical & Manufacturing Engineering (SMME) General Stacks 12/28/2015 928.9549 BAN SMME-2176 04/03/2018 12/28/2015 Book
© 2023 Central Library, National University of Sciences and Technology. All Rights Reserved.